| 000 | 01158nam a22002537a 4500 | ||
|---|---|---|---|
| 003 | OSt | ||
| 005 | 20250827105413.0 | ||
| 008 | 240308b ||||| |||| 00| 0 eng d | ||
| 040 | _c0 | ||
| 082 | _aDPer 621.317 Ie21 July 2022 v. 37 n. 7 | ||
| 100 |
_aZafra, Eduardo. _eauthor. _954137 |
||
| 245 |
_aParallel sphere decoding algorithm for long-prediction-horizon FSC-MPC / _cEduardo Zafra, Sergio Vazquez, Carlos Regalo, Vincente Baena Lecuyer, Abraham Marquez Alcaide, Jose I. Leon, and Leopoldo G. Franquelo. |
||
| 260 |
_aNew York ; _bThe Institute of Electrical and Electronics Engineers, Inc. , _cJuly 2022. |
||
| 300 |
_avolume 37, pages 7896-7906 : _billustration ; _c28 cm. |
||
| 500 | _aIEEE Transactions on Power Electronics, vol. 37, no. 7, pages 7896-7906, July 2022. | ||
| 700 |
_aZafra, Eduardo. _eauthor. _954137 |
||
| 700 |
_aVazquez, Sergio. _eauthor. _954138 |
||
| 700 |
_aRegalo, Carlos. _eauthor. _954139 |
||
| 700 |
_aLecuyer, Vincente Baena. _eauthor. _954140 |
||
| 700 |
_aAlcaide, Abraham Marquez. _eauthor. _954141 |
||
| 700 |
_aLeon, Jose I. _eauthor. _954142 |
||
| 700 |
_aFranquelo, Leopoldo G. _eauthor. _954143 |
||
| 942 |
_2ddc _cPER |
||
| 999 |
_c19555 _d19555 |
||